Dopasuj klub do piłkarza Lotto Ekstraklasa 2018/2019 - Statystyki

Ogólne statystyki
  • Ten quiz został rozwiązany 1 975 razy
  • Średni wynik to 12 z 15
Statystyki odpowiedzi
Piłkarz Klub % Poprawnych
Sebastian Szymański Legia Warszawa
99%
Kamil Wojtkowski Wisła Kraków
93%
Nikola Vujadinović Lech Poznań
91%
Adam Buksa Pogoń Szczecin
91%
Michał Nalepa Lechia Gdańsk
89%
Szymon Żurkowski Górnik Zabrze
88%
Sergiu Hanca Cracovia
87%
Piotr Parzyszek Piast Gliwice
86%
Luka Zarandia Arka Gdynia
84%
Maciej Dąbrowski Zagłębie Lubin
81%
Jakub Słowik Śląsk Wrocław
78%
Martin Kostal Jagiellonia Białystok
77%
Szymon Pawłowski Zagłębie Sosnowiec
72%
Michał Miśkiewicz Korona Kielce
65%
Marquitos Miedź Legnica
62%
Nie znaleziono quizów pasujących do podanych kryteriów
Rozkład punktacji
Procent ludzi z każdym wynikiem
Percentyl według liczby udzielonych odpowiedzi
Twoja historia wyników
Nie rozwiązałeś tego quizu